000 00825nas a2200277 4500
001 BR0405787
003 BR-BrBNA
005 20231205105025.0
007 ta
008 230509b bl.|||p| |||| 00| 00por d
040 _aBR-BrBNA
_bpor
_cBiblioteca Nacional de Agricultura
041 _a(Pt)
072 _aE50; E80
100 1 _aMartins, H.T.
245 1 _aA escolha do mobiliário doméstico e fatores a ela associados
650 _aFAMÍLIA
650 _aCONSUMO
650 _aSOCIOLOGIA ECONÔMICA
650 _aPESQUISA
650 _aSOCIOLOGIA RURAL
650 _aECONOMIA DOMÉSTICA
650 _aSÃO PAULO
773 0 _tOIKOS - Revista Brasileira de Economia Doméstica (Brazil)
_xISSN 0101-5273
_g(1985), v. 4(1) p. 3-8
_wBR0405787
909 _a202311
_bLúcia
_c55
_dLúcia Elande
942 _2AGRIS
_n0
_cANA
999 _c180826
_d180826